000
00274nam a2200121Ia 4500
008
231129s1956||||xx |||||||||||||| ||spa||
082
_a
HAJ- 0493
100
_a
Platón
245
0
_a
La República
260
_c
1956
264
_a
Barcelona: Iberia 1956
942
_2
ddc
_c
BKS
999
_c
18105
_d
18105